00604nam a2200193 i 4500001001100000003000500011005001700016008004100033040002500074082001700099100003000116245006100146264004000207300002800247336002100275337002500296338002300321650006600344C2-0231940PPAK20180728085117.0001209s1948 my |||| ||||| | eng d aPPAKbengcPPAKerda04a370.95952231 aCheeseman, H.R., eauthor10aAnnual report on education in the Malayan Union for 1947 1aKuala Lumpur : bGoverment , c1948 avi, 176 pages ; c24 cm 2rdacontentatext 2rdamediaaunmediated 2rdacarrieravolume10aEducation - Malaysia - Malaya ; Malaya. Ministry of Education